Commentary on the Gospels. (Record no. 4426)

MARC details
000 -LEADER
fixed length control field 00562nam a2200241 a 4500
020 ## - INTERNATIONAL STANDARD BOOK NUMBER
ISBN
082 00 - DEWEY DECIMAL CLASSIFICATION NUMBER
Classification number 226
Author Cutter KNO
100 ## - MAIN ENTRY--AUTHOR NAME
Author name Knox, Ronald
245 ## - TITLE STATEMENT
Title Commentary on the Gospels.
260 ## - PUBLICATION, DISTRIBUTION, ETC. (IMPRINT)
Place of publication London
Name of publisher Sheed and Ward
Year of publication 1954
300 ## - PHYSICAL DESCRIPTION
Number of Pages 284p
500 ## - GENERAL NOTE
General note includes index and biblioraphy
505 2# - FORMATTED CONTENTS NOTE
Formatted contents note Index
650 ## - SUBJECT ADDED ENTRY--TOPICAL TERM
Topical Term Bible N.T. Gospel
942 ## - ADDED ENTRY ELEMENTS (KOHA)
Koha item type Books
700 1# -
-- Knox, Ronald
Holdings
Collection code Home library Current library Date acquired Cost, normal purchase price Full call number Accession Number Koha item type
  Henry Martyn Institute Library Henry Martyn Institute Library 10/30/2007 100.00 226 KNO 09421 Books
                   Copyright © 2026 | Henry Martyn Institute | Hyderabad | TS-500052 | INDIA | Implemented by hmi.edu.in
Hit-Count:

Powered by Koha